000 00505nam a2200145Ia 4500
008 090124s9999 xx 000 0 und d
082 _b401637
245 _a विज्ञानाचे वाटाडे भाग 3 रा
250 _a1
260 _bमथुरे सुरेश
_c1984
300 _a67+1
630 _a विज्ञानाचे वाटाडे भाग 3 रा
730 _a विज्ञानाचे वाटाडे भाग 3 रा
942 _cBOOK
999 _c198021
_d198021